Normal view
MARC view
- Markose, B L
Entry Personal Name
001 - CONTROL NUMBER
- control field: 6009
003 - CONTROL NUMBER IDENTIFIER
- control field: OSt
005 - DATE AND TIME OF LATEST TRANSACTION
- control field: 20240213150852.0
008 - FIXED-LENGTH DATA ELEMENTS
- fixed length control field: 240213|| aca||aabn | a|a d
040 ## - CATALOGING SOURCE
- Original cataloging agency: OSt
- Transcribing agency: OSt
100 ## - HEADING--PERSONAL NAME
- Personal name: Markose, B L
670 ## - SOURCE DATA FOUND
- Source citation: Work cat.: (OSt)13256: Rajan, S. 6008, Propagation of horticultural crops / , 2007.
